| 000 | 00829nam a22001695i 4500 | ||
|---|---|---|---|
| 001 | 165361 | ||
| 003 | ES-MaACL | ||
| 005 | 20230906213125.0 | ||
| 008 | 050819s1875 xxk | |||||||| ||eng d | ||
| 100 | 1 |
_aSilva Ferro, Ramón de. _9132731 |
|
| 245 | 1 | 0 |
_aHistorical account of the mischances in regard to the construction of a railway across the Republic of Honduras : _bthe failure of the loans solicited from the public to carry out that undertaking... / _cby Ramón de Silva Ferro ; (translated from the Spanish). |
| 260 |
_aLondon : _b[s.n.], _c1875 ( _fC.F. Hodgson & son) |
||
| 300 |
_aIX, 146 p. ; _c23 cm. |
||
| 650 |
_aFerrocarriles- _zHonduras. _9136104 |
||
| 852 | 4 |
_aES-MaACL _jT-182-F-10 _z- Enc. hol. _z- Enc. en un vol. facticio |
|
| 852 | 4 |
_aES-MaACL _jT-179-F-2 _z- Enc. hol. _z- Enc. en un vol. facticio |
|
| 999 |
_c165361 _d165361 |
||